000
00314nam a22001217a 4500
008
160427b xxu||||| |||| 00| 0 eng d
020
_a
9780721635200
020
_a
0721635202
041
_a
eng
080
_a
618.2
245
_a
Mental health nursing:
_c
Verna Benner carson; Elizabeth Nolan Arnold;
942
_2
udc
_c
BK
999
_c
1621
_d
1621